Operations management : (Record no. 2825)

000 -LEADER
fixed length control field 00889cam a2200301 a 4500
003 - CONTROL NUMBER IDENTIFIER
control field CaAEU
005 - DATE AND TIME OF LATEST TRANSACTION
control field 20210722063744.0
008 - FIXED-LENGTH DATA ELEMENTS--GENERAL INFORMATION
fixed length control field 070125s2007 njua b 001 0 eng d
020 ## - INTERNATIONAL STANDARD BOOK NUMBER
International Standard Book Number 9780470325049
040 ## - CATALOGING SOURCE
Transcribing agency SISPL
049 ## - LOCAL HOLDINGS (OCLC)
Holding library UABA
050 #4 - LIBRARY OF CONGRESS CALL NUMBER
Classification number TS155
Item number .R375 2010
090 ## - LOCALLY ASSIGNED LC-TYPE CALL NUMBER (OCLC); LOCAL CALL NUMBER (RLIN)
Classification number (OCLC) (R) ; Classification number, CALL (RLIN) (NR) TS 155 R45 2010
Local cutter number (OCLC) ; Book number/undivided call number, CALL (RLIN) AEU
100 1# - MAIN ENTRY--PERSONAL NAME
Personal name Reid, Robert D.
245 10 - TITLE STATEMENT
Title Operations management :
Remainder of title an integrated approach /
Statement of responsibility, etc. R. Dan Reid, Nada R. Sanders.
250 ## - EDITION STATEMENT
Edition statement 4th ed.
260 ## - PUBLICATION, DISTRIBUTION, ETC.
Place of publication, distribution, etc. Canada:
Name of publisher, distributor, etc. John Wiley and Sons, Inc,
Date of publication, distribution, etc. 2010.
300 ## - PHYSICAL DESCRIPTION
Extent 479 p. :
Other physical details ill. ;
Dimensions 26 cm.
336 ## - CONTENT TYPE
Content type term text
Content type code txt
Source rdacontent
337 ## - MEDIA TYPE
Media type term unmediated
Media type code n
Source rdamedia
338 ## - CARRIER TYPE
Carrier type term volume
Carrier type code nc
Source rdacarrier
504 ## - BIBLIOGRAPHY, ETC. NOTE
Bibliography, etc. note Includes bibliographical references and indexes.
583 1# - ACTION NOTE
Institution to which field applies AEU
650 #0 - SUBJECT ADDED ENTRY--TOPICAL TERM
Topical term or geographic name entry element Production management.
700 1# - ADDED ENTRY--PERSONAL NAME
Personal name Sanders, Nada R.
942 ## - ADDED ENTRY ELEMENTS (KOHA)
Source of classification or shelving scheme
Koha item type Book
Suppress in OPAC SO
949 ## - LOCAL PROCESSING INFORMATION (OCLC)
h UASC-B
i 0162023448192
Holdings
Withdrawn status Lost status Source of classification or shelving scheme Damaged status Not for loan Permanent Location Current Location Shelving location Date acquired Source of acquisition Total Checkouts Full call number Barcode Date last seen Price effective from Koha item type Public note
          AU LIBRARY AU LIBRARY Open Shelf 22.07.2021 DONATION FROM MOI UNIVERSITY   TS155 .R45 2010 28002019 22.07.2021 22.07.2021 Book SO

Powered by Koha